| 000 | 00810cam a2200217 i 4500 | ||
|---|---|---|---|
| 005 | 20251108172744.0 | ||
| 008 | 250721s1995 ie gr 000 0 ara d | ||
| 082 | 1 | 4 |
_a011.44 _bي و س |
| 100 | 1 |
_aيوسف، محمد خير رمضان _eمؤلف. |
|
| 245 | 1 | 0 |
_aجولة بين كتب غريبة / _cمحمد خير رمضان يوسف. |
| 250 | _aالطبعة الثانية. | ||
| 264 | 3 | 1 |
_aبيروت : _bدار ابن حزم للطباعة والنشر والتوزيع، _c1995. |
| 300 | _a111صفحة. | ||
| 490 | 0 |
_aالكتب النادرة ؛ _vرقم 1. |
|
| 650 | 1 | 7 | _aالببليوغرافيات. |
| 650 | 1 | 7 | _aالكتب القديمة. |
| 650 | 1 | 7 | _aالكتب النادرة. |
| 830 | 0 | _aالكتب النادرة . | |
| 942 |
_2ddc _cBK |
||
| 999 |
_c87665 _d87665 |
||